Nomeie um Pokemon A-Z da 3° Geração - Hoenn - Statistics

Estatísticas Gerais
  • Esse quiz foi jogado 57 vezes
  • A pontuação média é 13 de 21
Estatísticas das Respostas
Letra Pokemon % Correto
M Makuhita | Manectric | Marshtomp | Masquerain | Mawile | Medicham | Meditite | Metagross | Metang | Mightyena | Milotic | Minun | Mudkip
94%
S Sableye | Salamence | Sceptile | Sealeo | Seedot | Seviper | Sharpedo | Shedinja | Shelgon | Shiftry | Shroomish | Shuppet | Silcoon | Skitty | Slaking | Slakoth | Snorunt | Solrock | Spheal | Spinda | Spoink | Surskit | Swablu | Swalot | Swampert | Swellow
94%
B Bagon | Baltoy | Banette | Barboach | Beautifly | Beldum | Blaziken | Breloom
88%
G Gardevoir | Glalie | Gorebyss | Groudon | Grovyle | Grumpig | Gulpin
88%
T Taillow | Torchic | Torkoal | Trapinch | Treecko | Tropius
86%
K Kecleon | Kirlia | Kyogre
82%
A Absol | Aggron | Altaria | Anorith | Armaldo | Aron | Azurill
78%
C Cacnea | Cacturne | Camerupt | Carvanha | Cascoon | Castform | Chimecho | Clamperl | Claydol | Combusken | Corphish | Cradily | Crawdaunt
78%
R Ralts | Rayquaza | Regice | Regirock | Registeel | Relicanth | Roselia
75%
L Lairon | Latias | Latios | Lileep | Linoone | Lombre | Lotad | Loudred | Ludicolo | Lunatone | Luvdisc
73%
W Wailmer | Wailord | Walrein | Whiscash | Whismur | Wingull | Wurmple | Wynaut
69%
D Delcatty | Deoxys | Dusclops | Duskull | Dustox
57%
F Feebas | Flygon
53%
N Nincada | Nisjask | Nosepass | Numel | Nuzleaf
53%
P Pelipper | Plusle | Poochyena
53%
V Vibrava | Vigoroth | Volbeat
47%
H Hariyama | Huntail
45%
Z Zangoose | ZIgzagoon
45%
E Electrike | Exploud
35%
J Jirachi
33%
I Illumise
22%
Nenhum quiz correspondente encontrado
Distribuição das Pontuações
Porcentagem de Pessoas com Cada Pontuação
Percentil de Números Respondidos
Sua Pontuação Histórica
Você não jogou esse quiz